Διερεύνηση προτύπων βιοποικιλότητας στις κοινότητες κινητού υποστρώματος στον Κόλπο Καλλονής : (Ν. Λέσβος, Β. Αιγαίο) : πτυχιακή εργασία
Αποθηκεύτηκε σε:
| Κύριος συγγραφέας: | |
|---|---|
| Συγγραφή απο Οργανισμό/Αρχή: | |
| Άλλοι συγγραφείς: | |
| Μορφή: | Thesis Βιβλίο |
| Γλώσσα: | Greek |
| Δημοσίευση: |
Μυτιλήνη :
Πανεπιστήμιο Αιγαίου, Τμήμα Επιστημών της Θάλασσας,
2005
|
| Θέματα: | |
| Διαθέσιμο Online: | http://hdl.handle.net/11610/7301 |
| Ετικέτες: |
Προσθήκη ετικέτας
Δεν υπάρχουν, Καταχωρήστε ετικέτα πρώτοι!
|
MARC
| LEADER | 00000cam a2200000 i 4500 | ||
|---|---|---|---|
| 001 | 1/24861 | ||
| 008 | 060222s2005 gre d | ||
| 035 | |l 10082770 | ||
| 040 | |a GR-MY-UA |b gre |e aacr | ||
| 041 | 0 | |a gre | |
| 082 | 0 | |a 577.77 |2 (22) | |
| 100 | 1 | |a Μαρκαντωνάτου, Βασιλική. | |
| 245 | 1 | 0 | |a Διερεύνηση προτύπων βιοποικιλότητας στις κοινότητες κινητού υποστρώματος στον Κόλπο Καλλονής : |b (Ν. Λέσβος, Β. Αιγαίο) : πτυχιακή εργασία / |c Μαρκαντωνάτου Βασιλική ; υπεύθυνος καθηγητής Δρόσος Κουτσούμπας |
| 260 | |a Μυτιλήνη : |b Πανεπιστήμιο Αιγαίου, Τμήμα Επιστημών της Θάλασσας, |c 2005 | ||
| 300 | |a 119 σ.; |b πιν., διαγρ.; |c 30 εκ. | ||
| 502 | |a Πτυχιακή εργασία – Πανεπιστήμιο Αιγαίου, Λέσβος, 2005. | ||
| 504 | |a Βιβλιογραφία: σ. 109-119 | ||
| 650 | 0 | 0 | |a Marine biological diversity |z Greece |z Kallone (Lesbos Island) |
| 650 | 0 | 0 | |a Marine ecology |z Greece |z Kallone (Lesbos Island) |
| 650 | 0 | 0 | |a Benthos |z Greece |z Kallone (Lesbos Island) |
| 650 | 0 | 0 | |a Dissertations, Academic |z Greece. |
| 700 | 1 | |4 ths |a Κουτσούμπας, Δρόσος. | |
| 710 | 2 | |a Πανεπιστήμιο Αιγαίου |b Σχολή Περιβάλλοντος |b Τμήμα Επιστημών της Θάλασσας. | |
| 852 | |a INST |b LESVOS |c DIATR |e 20060222 |h 91 |p 005100036013 |q 005100036013 |t DIE |y 23 | ||
| 852 | |a INST |b LESVOS |c DIATR |e 20060222 |h 92 |p 005100035721 |q 005100035721 |t DIE |y 23 | ||
| 856 | |u http://hdl.handle.net/11610/7301 | ||
| 901 | |a BIBL1-2006-1 | ||
| 909 | |a Λ |b 120899 | ||
| 909 | |a Λ |b 120900 | ||
| 924 | |a ΜΑΡΚΑΝΤΩΝΑΤΟΥ |b ΒΑΣΙΛΙΚΗ |y ΛΕΣΒΟΣ |z 2005 | ||
| 970 | |a ΜΑΡΙΝΑΤΟΥ |b ΜΥΡΣΙΝΗ |z 2006/02/22 | ||